Most Densely Populated US Counties - Statistics

General Stats
  • This quiz has been taken 29 times
  • The average score is 18 of 25
Answer Stats
Hint Answer State % Correct
5,495 / sq mi Cook County IL
95%
69,468 / sq mi New York County NY
95%
30,903 / sq mi Bronx County NY
89%
35,369 / sq mi Kings County NY
89%
20,554 / sq mi Queens County NY
89%
17,179 / sq mi San Francisco County CA
89%
7,672 / sq mi City of Baltimore MD
84%
11,379 / sq mi Philadelphia County PA
84%
8,030 / sq mi Richmond County NY
84%
9,857 / sq mi Washington DC DC
84%
9,314 / sq mi Alexandria VA
79%
8,853 / sq mi Arlington County VA
79%
3,900 / sq mi Bergen County NJ
79%
5,175 / sq mi City of St. Louis MO
74%
3,926 / sq mi Milwaukee County WI
74%
4,705 / sq mi Nassau County NY
74%
12,417 / sq mi Suffolk County MA
74%
3,923 / sq mi Denver County CO
68%
6,262 / sq mi Essex County NJ
63%
13,732 / sq mi Hudson County NJ
63%
4,486 / sq mi Norfolk VA
58%
4,242 / sq mi Charlottesville VA
53%
5,633 / sq mi Manassas Park VA
47%
6,170 / sq mi Falls Church VA
42%
5,216 / sq mi Union County NJ
37%
No matching quizzes found
Score Distribution
Percent of People with Each Score
Percentile by Number Answered
Your Score History
You have not taken this quiz